Software architecture : (Record no. 189619)

MARC details
000 -LEADER
fixed length control field 00740nam a2200229Ia 4500
005 - DATE AND TIME OF LATEST TRANSACTION
control field 20221210115441.0
008 - FIXED-LENGTH DATA ELEMENTS--GENERAL INFORMATION
fixed length control field 210716s2009 xx 000 0 und d
020 ## - INTERNATIONAL STANDARD BOOK NUMBER
International Standard Book Number 9788131707494
040 ## - CATALOGING SOURCE
Transcribing agency AIMIT LIBRARY
041 ## - LANGUAGE CODE
Language code of text/sound track or separate title eng
082 ## - DEWEY DECIMAL CLASSIFICATION NUMBER
Classification number 005.3682 VARV
100 ## - MAIN ENTRY--PERSONAL NAME
Personal name Varma, Vasudeva.
9 (RLIN) 65368
245 ## - TITLE STATEMENT
Title Software architecture :
Remainder of title case bases approach /
Statement of responsibility, etc. By Vasudeva Varma.
250 ## - EDITION STATEMENT
Edition statement 1st ed.
260 ## - PUBLICATION, DISTRIBUTION, ETC.
Place of publication, distribution, etc. New Delhi :
Name of publisher, distributor, etc. Pearson Education ,
Date of publication, distribution, etc. 2009.
300 ## - PHYSICAL DESCRIPTION
Extent xvii,262 p.;
Dimensions 25 cm.
650 ## - SUBJECT ADDED ENTRY--TOPICAL TERM
Topical term or geographic name entry element Software architecture primer
9 (RLIN) 65369
650 ## - SUBJECT ADDED ENTRY--TOPICAL TERM
Topical term or geographic name entry element Where is the architecture
9 (RLIN) 65370
650 ## - SUBJECT ADDED ENTRY--TOPICAL TERM
Topical term or geographic name entry element Refining and re factoring architecture
9 (RLIN) 65371
651 ## - SUBJECT ADDED ENTRY--GEOGRAPHIC NAME
Source of heading or term Component based development
942 ## - ADDED ENTRY ELEMENTS (KOHA)
Source of classification or shelving scheme Dewey Decimal Classification
Koha item type Book
Edition 1st
Call number prefix 005.3682 VARV
Holdings
Withdrawn status Lost status Source of classification or shelving scheme Damaged status Not for loan Collection code Home library Current library Source of acquisition Cost, normal purchase price Inventory number Total Checkouts Full call number Barcode Date last seen Cost, replacement price Price effective from Koha item type
    Dewey Decimal Classification     MCA St Aloysius Institute of Management & Information Technology St Aloysius Institute of Management & Information Technology Higginbothams Pvt Ltd 350.00 Bill no:ABK146; Bill dt:2009-06-   005.3682 VARV MCA09127 05/23/2026 262.50 07/16/2021 Book
    Dewey Decimal Classification     MCA St Aloysius Institute of Management & Information Technology St Aloysius Institute of Management & Information Technology Athulya Books 350.00 Bill no:ABK 439; Bill dt:2009-11   005.3682 VARV MCA09519 05/23/2026 262.50 07/16/2021 Book